Statistics for Longest reigning current monarchs

Click here to take the quiz!

General Stats

  • This quiz has been taken 23 times
  • The average score is 5 of 10

Answer Stats

RankCountryReignMonarch% Correct
2United Kingdom, Canada, Australia, New Zealand64 yearsElizabeth II
100%
4Jamaica53 yearsElizabeth II
100%
5Barbados49 yearsElizabeth II
100%
10Bahamas42 yearsElizabeth II
100%
8Denmark44 yearsMargrethe II
30%
1Thailand69 yearsBhumibol Adulyadej
25%
6Brunei48 yearsHassanal Bolkiah
25%
7Oman45 yearsQaboos bin Said al Said
20%
9Sharjah (UAE)44 yearsSultan bin Mohamed Al-Qassimi III
20%
3Kedah (Malaysia)57 yearsAbdul Halim
15%

Score Distribution

Percentile by Number Answered

Percent of People with Each Score

Your Score History

You have not taken this quiz